000 00380nam a22001577a 4500
020 _a0070683050
040 _cNUST
082 _a536.721
_bWAR
100 _aKenneth Wark, Jr,
_9125653
110 _aDonald E. Richards
_9125654
245 _aThermodynamics
250 _aSixth Edition
260 _aBoston:
_bMcGraw Hill,
_c1999.
650 _2Thermodynamics
942 _2ddc
_cBK
999 _c611375
_d611375